000 00798nam a22001937a 4500
999 _c194591
_d194591
005 20230112105524.0
010 _aB-746425-430 E.N.A/7.11.22
020 _a9788195104468
_c700.00
035 _aB-746425-430
037 _bPansy Books
082 _a796.07
100 _aKamlesh, M L
245 _aCBSE /UGC NET Examination in Physical Education:
_bsolved Objective-type question papers -2006-2020/
_cM L Kamlesh
260 _aNew Delhi
_bSports Publication
_c2021
270 _a7/26, Ground Floor, Ansari Road
_bNew Delhi
_e110002
300 _axxi,621p.
_c23cm(pbk)
942 _2ddc
_cEN
_mKAM
_h796.07